Criminal procedure and law in Uganda / (Record no. 470)
[ view plain ]
| 000 -LEADER | |
|---|---|
| fixed length control field | 00649nam a22002417a 4500 |
| 001 - CONTROL NUMBER | |
| control field | 2958444 |
| 003 - CONTROL NUMBER IDENTIFIER | |
| control field | OSt |
| 005 - DATE AND TIME OF LATEST TRANSACTION | |
| control field | 20230606082121.0 |
| 008 - FIXED-LENGTH DATA ELEMENTS--GENERAL INFORMATION | |
| fixed length control field | 990318s1986 ug |||||000 0|eng |
| 010 ## - LIBRARY OF CONGRESS CONTROL NUMBER | |
| LC control number | 90981997 |
| 020 ## - INTERNATIONAL STANDARD BOOK NUMBER | |
| International Standard Book Number | 0582644879 |
| 035 ## - SYSTEM CONTROL NUMBER | |
| System control number | (WaOLN) 90981997 |
| 035 ## - SYSTEM CONTROL NUMBER | |
| System control number | (WaOLN)12105147 |
| 035 ## - SYSTEM CONTROL NUMBER | |
| System control number | (OCoLC)19667706 |
| 040 ## - CATALOGING SOURCE | |
| Original cataloging agency | DLC |
| Transcribing agency | DLC |
| 082 ## - DEWEY DECIMAL CLASSIFICATION NUMBER | |
| Classification number | 345.6761 |
| Item number | AYU |
| 100 1# - MAIN ENTRY--PERSONAL NAME | |
| Personal name | Ayume, Francis J. |
| 245 10 - TITLE STATEMENT | |
| Title | Criminal procedure and law in Uganda / |
| Statement of responsibility, etc. | Francis J. Ayume. |
| 260 ## - PUBLICATION, DISTRIBUTION, ETC. (IMPRINT) | |
| Place of publication, distribution, etc. | Nairobi : |
| Name of publisher, distributor, etc. | Longman, |
| Date of publication, distribution, etc. | 1986. |
| 300 ## - PHYSICAL DESCRIPTION | |
| Extent | xxx, 257 p. ; |
| Dimensions | 21 cm. |
| 906 ## - LOCAL DATA ELEMENT F, LDF (RLIN) | |
| a | 7 |
| b | cbc |
| c | orignew |
| d | u |
| e | ncip |
| f | 19 |
| g | y-gencatlg |
| 942 ## - ADDED ENTRY ELEMENTS (KOHA) | |
| Source of classification or shelving scheme | Dewey Decimal Classification |
| Koha item type | Books |
| Withdrawn status | Lost status | Source of classification or shelving scheme | Damaged status | Not for loan | Home library | Current library | Date acquired | Total Checkouts | Full call number | Barcode | Date last seen | Price effective from | Koha item type |
|---|---|---|---|---|---|---|---|---|---|---|---|---|---|
| Dewey Decimal Classification | Bunge Tower Library | Bunge Tower Library | 06/06/2023 | 345.6761 AYU | 10015737 | 06/06/2023 | 06/06/2023 | Books | |||||
| Dewey Decimal Classification | Bunge Tower Library | Bunge Tower Library | 06/08/2023 | 345.6761 AYU | 20220113 | 06/08/2023 | 06/08/2023 | Books | |||||
| Dewey Decimal Classification | Bunge Tower Library | Bunge Tower Library | 06/08/2023 | 345.6761 AYU | 20220112 | 06/08/2023 | 06/08/2023 | Books | |||||
| Dewey Decimal Classification | Bunge Tower Library | Bunge Tower Library | 06/08/2023 | 345.6761 AYU | 20220111 | 06/08/2023 | 06/08/2023 | Books | |||||
| Dewey Decimal Classification | Bunge Tower Library | Bunge Tower Library | 06/08/2023 | 345.6761 AYU | 20220114 | 06/08/2023 | 06/08/2023 | Books | |||||
| Dewey Decimal Classification | Bunge Tower Library | Bunge Tower Library | 06/08/2023 | 345.6761 AYU | 20220115 | 06/08/2023 | 06/08/2023 | Books |
